| 000 | 00858nam a2200265 4500 | ||
|---|---|---|---|
| 003 | EG-GICUC | ||
| 005 | 20260121101344.0 | ||
| 008 | 251125s1948 fr ||||fr|||| 00| 0 fre d | ||
| 040 |
_aEG-GiCUC _bfre _cEG-GiCUC _dEG-GiCUC _eRda |
||
| 082 | 0 | 4 |
_221 _a341.1 _bS C . M |
| 092 | 0 | 4 | _221 |
| 099 | _aLaw1 11 341.1 S C . M 1948 | ||
| 100 | 1 |
_aScelle, Georges, _d1878-1961. _eAuteur |
|
| 245 | 1 | 0 |
_aManuel de droit international public / _cGeorges Scelle. |
| 264 | 1 |
_aParis : _bDomat-Montchrestien, _c1948. |
|
| 300 |
_a998 page ; _c 24 cm. |
||
| 336 |
_2rda contenu _a texte |
||
| 337 |
_2rda medias _aOrdinateur |
||
| 338 |
_2 transporteur rda _a Ressource en ligne |
||
| 546 | _aTexte en français | ||
| 650 | 1 | _aDroit international public | |
| 856 | 4 | 0 | _uhttps://fll.law.cu.edu.eg/fulltext/bks/B11-06079.pdf |
| 905 |
_a75 _eYara |
||
| 942 |
_2ddc _n0 _cBK _e21 |
||
| 999 |
_c46001 _d46001 |
||